Warhammer Chaos Pantheon - Statistics

General Stats
  • This quiz has been taken 289 times
    287 since last reset
  • The average score is 7 of 12
Answer Stats
hint. Answer % Correct
Blood Khorne
94%
Plague Nurgle
94%
Pleasure Slaanesh
86%
Change Tzeentch
79%
Change Magnus
57%
Blood Angron
55%
Plague Mortarion
55%
Pleasure Fulgrim
52%
Plague Typhus
35%
Change Ahriman
27%
Pleasure Lucius
27%
Blood Kharne
20%
No matching quizzes found
Score Distribution
Percent of People with Each Score
Percentile by Number Answered
Your Score History
You have not taken this quiz since the last reset